Kuala Lumpur A Sketchbook / (Record no. 74799)

MARC details
000 -LEADER
fixed length control field 00940nam a2200289 i 4500
001 - CONTROL NUMBER
control field C2-0265179
003 - CONTROL NUMBER IDENTIFIER
control field PPAK
005 - DATE AND TIME OF LATEST TRANSACTION
control field 20240520124628.0
008 - FIXED-LENGTH DATA ELEMENTS--GENERAL INFORMATION
fixed length control field 991214s1998 si a e 000 0 eng d
020 ## - INTERNATIONAL STANDARD BOOK NUMBER
International Standard Book Number 9813018208
-- 9789813018204
Qualifying information hardback
040 ## - CATALOGING SOURCE
Original cataloging agency PPAK
Language of cataloging eng
Transcribing agency PPAK
Description conventions rda
082 04 - DEWEY DECIMAL CLASSIFICATION NUMBER
Edition number 23
Classification number 741.9595
090 00 - LOCALLY ASSIGNED LC-TYPE CALL NUMBER (OCLC); LOCAL CALL NUMBER (RLIN)
Classification number (OCLC) (R) ; Classification number, CALL (RLIN) (NR) 741.9595
Feature heading CHE
Feature heading R
Classification number (OCLC) (R) ; Classification number, CALL (RLIN) (NR) 741.9595
Feature heading CHE
Feature heading KZR
100 1# - MAIN ENTRY--PERSONAL NAME
Personal name Chen, Voon Fee,
Relator term author.
245 10 - TITLE STATEMENT
Title Kuala Lumpur A Sketchbook /
Statement of responsibility, etc. Painting by Chin Kon Yit ; Text by Chen Voo Fee
264 #1 - PRODUCTION, PUBLICATION, DISTRIBUTION, MANUFACTURE, AND COPYRIGHT NOTICE
Place of production, publication, distribution, manufacture Singapore :
Name of producer, publisher, distributor, manufacturer Archipelago Press,
Date of production, publication, distribution, manufacture, or copyright notice 1998
300 ## - PHYSICAL DESCRIPTION
Extent 96 pages :
Other physical details colour illustrations ;
Dimensions 25 cm x 29 cm
336 ## - CONTENT TYPE
Source rdacontent
Content type term text
337 ## - MEDIA TYPE
Source rdamedia
Media type term unmediated
338 ## - CARRIER TYPE
Source rdacarrier
Carrier type term volume
650 10 - SUBJECT ADDED ENTRY--TOPICAL TERM
Topical term or geographic name entry element Painting, Malaysian
Topical term or geographic name entry element Watercolor painting
Geographic subdivision Malaysia
651 #0 - SUBJECT ADDED ENTRY--GEOGRAPHIC NAME
Geographic name Kuala Lumpur
Form subdivision Pictorial works
700 1# - ADDED ENTRY--PERSONAL NAME
Personal name Chin, Kon Yit,
Relator term painter.
942 ## - ADDED ENTRY ELEMENTS (KOHA)
Koha item type Book
Source of classification or shelving scheme Dewey Decimal Classification
Holdings
Withdrawn Not for loan Current library Shelving location Date acquired Full call number Barcode Date last seen Koha item type Total Checkouts
  Not For Loan Perpustakaan Alor Setar Rujukan Dewasa 29/06/2005 R 741.9595 CHE A01087202 09/05/2018 Book  
  Not For Loan Perpustakaan Alor Setar Rujukan Dewasa 23/05/2006 R 741.9595 CHE A01116834 09/05/2018 Book  
  Not For Loan Perpustakaan Alor Setar Koleksi Zahidi Zainol Rashid 13/08/2024 KZR 741.9595 CHE A00367399 13/08/2024 Book